| 000 | 01129nam a2200301 a 4500 | ||
|---|---|---|---|
| 001 | vtls001617397 | ||
| 003 | NLI | ||
| 005 | 20210628133939.0 | ||
| 008 | 121214s1908 ii 000 0 hin | ||
| 039 | 9 |
_y201212141923 _zVLOAD |
|
| 040 |
_aNLI _bhineng _cDatasoft_Hindi _eAACR2 |
||
| 041 | 0 | _ahin | |
| 044 | _a ii | ||
| 084 | 0 | 4 | _a181 |
| 100 | 1 |
_6880-01 _aबनर्जी, जोगेन्द्रनाथ |
|
| 245 | 1 | 0 |
_6880-02 _aइजी ग्रामर / _cजोगेन्द्रनाथ बनर्जी |
| 260 |
_aवेलींगटोन स्ट्रीट : _bएस. सी. ओड्डी एण्ड को., _c1908 |
||
| 300 |
_a117 p. ; _c19 cm. |
||
| 650 | 0 |
_aGrammar _9695355 |
|
| 880 | 1 |
_6100-01(B _aBanarjī, Jogendranātha |
|
| 880 | 1 | 0 |
_6245-02(B _aEssay grammar / _cJogendranātha Banarjī |
| 887 | _a Abrar Ahmed 24.04.2012 (Sandeep Singh 26.04.2012) | ||
| 901 |
_aIMP1223 _b18.04.2012 |
||
| 902 | _a181 Rc 901 | ||
| 904 |
_cAbrar Ahmed 24.04.2012 (Sandeep Singh 26.04.2012) _l5027 |
||
| 949 |
_AVIRTUAITEM _D10000 _X100 _6IMP000001223HIN |
||
| 942 |
_2ddc _cBKS |
||
| 999 |
_aVIRTUA40 _c1069384 _d1069384 |
||